KOHA-Header-6

Research Methodology in Commerce and Management (Record no. 403)

000 -LEADER
fixed length control field 00332nam a2200121Ia 4500
008 - FIXED-LENGTH DATA ELEMENTS--GENERAL INFORMATION
fixed length control field 190722s9999 xx 000 0 und d
020 ## - INTERNATIONAL STANDARD BOOK NUMBER
International Standard Book Number 978-81-207-1489-2
100 ## - MAIN ENTRY--PERSONAL NAME
Personal name K. V. Rao
245 #0 - TITLE STATEMENT
Title Research Methodology in Commerce and Management
260 ## - PUBLICATION, DISTRIBUTION, ETC. (IMPRINT)
Place of publication, distribution, etc New Delhi
Name of publisher, distributor, etc Sterling Publishers (Pvt.) Ltd.
Date of publication, distribution, etc 2012
300 ## - PHYSICAL DESCRIPTION
Extent 375
942 ## - ADDED ENTRY ELEMENTS (KOHA)
Koha item type Books
Holdings
Withdrawn status Lost status Source of classification or shelving scheme Damaged status Not for loan Collection code Permanent Location Current Location Shelving location Date acquired Full call number Barcode Date last seen Price effective from Koha item type
          Business MAJU MAJU   2019-07-22 658.072 7029 2019-07-22 2019-07-22 Business

Powered by Koha